00618nam a22002057a 450000500170000001000130001702000220003003500130005203700160006504000120008108200200009310000210011324500590013426000450019327000420023830000260028050000510030665000260035765000290038320170124105922.0 aA-541109 c00.00a8170244234 aA-541109 bCen Lib/Ret aDPLbEN a305.420954bPAN aPanda, Snehalata aWomen and social change in India /cby Snehalata Panda aNew DelhibAshish Publishing Housec1992 a8/81, Punjabi BaghbNew Delhie110026 avii,124p. :c22cm(Hb) aIncludes bibliographical references and index aSocial aspectszIndia aPolitical HistoryzIndia